Skip to main content
Your cart is empty.
Your lists
Log in to create your own lists
Your cookies
العربية
English
العربية
Home
Search
Advanced search
Authority search
About
The noble scholar, jurist, historian
His Excellency Dr. Abdul Wahhab bin Ibrahim Abu Sulaiman, may Allah have mercy on him.
He was born in Umm Al-Qura in the year 1356 AH.
Library catalog
Title
Author
Subject
ISBN
ISSN
Series
Call number
Log in to your account
×
Login:
Password:
Home
MARC view: تخريج الأحاديث النبوية الواردة في مدونة الإمام مالك بن أنس/
Normal view
MARC view
ISBD view
تخريج الأحاديث النبوية الواردة في مدونة الإمام مالك بن أنس/ (Record no. 565)
[
view plain
]
MARC details
000 -LEADER
fixed length control field
01682ctm a22003251a 4500
003 - CONTROL NUMBER IDENTIFIER
control field
SA-RiAUC
005 - DATE AND TIME OF LATEST TRANSACTION
control field
20240926133233.0
008 - FIXED-LENGTH DATA ELEMENTS--GENERAL INFORMATION
fixed length control field
240924s1985 su g b f000r0 ara c
040 ## - CATALOGING SOURCE
Original cataloging agency
SA-MaUQU
Language of cataloging
ara
Transcribing agency
SA-RiAUC
082 0# - DEWEY DECIMAL CLASSIFICATION NUMBER
Classification number
233
Item number
د ط ت
082 04 - DEWEY DECIMAL CLASSIFICATION NUMBER
Classification number
237.6
Assigning agency
SA-RiAUC
090 ## - LOCALLY ASSIGNED LC-TYPE CALL NUMBER (OCLC); LOCAL CALL NUMBER (RLIN)
Classification number (OCLC) (R) ; Classification number, CALL (RLIN) (NR)
237.6
Local cutter number (OCLC) ; Book number/undivided call number, CALL (RLIN)
د ر د
100 1# - MAIN ENTRY--PERSONAL NAME
Personal name
الدرديري، الطاهر محمد
245 10 - TITLE STATEMENT
Title
تخريج الأحاديث النبوية الواردة في مدونة الإمام مالك بن أنس/
Statement of responsibility, etc.
الطاهر محمد الدرديري.
250 ## - EDITION STATEMENT
Edition statement
ط. 1.
260 ## - PUBLICATION, DISTRIBUTION, ETC.
Place of publication, distribution, etc.
مكة المكرمة :
Name of publisher, distributor, etc.
جامعة أم القرى، كلية الشريعة والدراسات الإسلامية، مركز البحث العلمي وإحياء التراث الإسلامي،
Date of publication, distribution, etc.
[1985]
264 ## - PRODUCTION, PUBLICATION, DISTRIBUTION, MANUFACTURE, AND COPYRIGHT NOTICE
Place of production, publication, distribution, manufacture
مكة المكرمة :
Name of producer, publisher, distributor, manufacturer
جامعة أم القرى، كلية الشريعة والدراسات الإسلامية، مركز البحث العلمي وإحياء التراث الإسلامي،
Date of production, publication, distribution, manufacture, or copyright notice
1985
300 ## - PHYSICAL DESCRIPTION
Extent
3 مج. ؛
Dimensions
24 سم.
490 0# - SERIES STATEMENT
Series statement
من التراث الإسلامي ؛
Volume/sequential designation
52
502 ## - DISSERTATION NOTE
Dissertation note
الأصل أطروحة دكتوراه-جامعة أم القرى، 1403هـ.
504 ## - BIBLIOGRAPHY, ETC. NOTE
Bibliography, etc. note
ببليوجرافية : ص. 1299-1361.
650 #7 - SUBJECT ADDED ENTRY--TOPICAL TERM
Topical term or geographic name entry element
الحديث
General subdivision
مستخرجات
Source of heading or term
aucsh
650 #7 - SUBJECT ADDED ENTRY--TOPICAL TERM
Topical term or geographic name entry element
الحديث
General subdivision
رواية
Source of heading or term
aucsh
650 #7 - SUBJECT ADDED ENTRY--TOPICAL TERM
Topical term or geographic name entry element
الحديث
General subdivision
مسند ابن مالك
Source of heading or term
aucsh
650 #7 - SUBJECT ADDED ENTRY--TOPICAL TERM
Topical term or geographic name entry element
الحديث
General subdivision
كتب أئمة الفقه الأربعة
Source of heading or term
aucsh
700 1# - ADDED ENTRY--PERSONAL NAME
Personal name
الإمام مالك، مالك بن أنس بن مالك،
Dates associated with a name
93-179 هجري
740 22 - ADDED ENTRY--UNCONTROLLED RELATED/ANALYTICAL TITLE
Uncontrolled related/analytical title
المدونة الكبرى.
942 ## - ADDED ENTRY ELEMENTS (KOHA)
Source of classification or shelving scheme
Dewey Decimal Classification
Koha item type
Books
Suppress in OPAC
No
949 ## - LOCAL PROCESSING INFORMATION (OCLC)
a
SA-JeALM
d
240924
u
mohamedma123
n
1
Holdings
Withdrawn status
Lost status
Source of classification or shelving scheme
Materials specified (bound volume or other part)
Damaged status
Not for loan
Home library
Current library
Date acquired
Total checkouts
Full call number
Barcode
Date last seen
Price effective from
Koha item type
Dewey Decimal Classification
الجزء الأول
DR AbdElwahab Library
DR AbdElwahab Library
09/26/2024
237.6 د ر د
000000801
09/26/2024
09/26/2024
Books
Dewey Decimal Classification
الجزء الثاني
DR AbdElwahab Library
DR AbdElwahab Library
09/26/2024
237.6 د ر د
000000802
09/26/2024
09/26/2024
Books
Dewey Decimal Classification
الجزء الثالث
DR AbdElwahab Library
DR AbdElwahab Library
09/26/2024
237.6 د ر د
000000803
09/26/2024
09/26/2024
Books
Place hold
Print
Add to your cart
(remove)
Save record
BIBTEX
Dublin Core
MARCXML
MARC (non-Unicode/MARC-8)
MARC (Unicode/UTF-8)
MARC (Unicode/UTF-8, Standard)
MODS (XML)
RIS
ISBD
More searches
Search for this title in:
Other Libraries (WorldCat)
Other Databases (Google Scholar)
Online Stores (Bookfinder.com)
Open Library (openlibrary.org)
Exporting to Dublin Core...
×
Simple DC-RDF
OAI-DC
SRW-DC